El Pasado es un País Extraño

Gorde:
Xehetasun bibliografikoak
Egile nagusia: Lowenthal, David
Formatua: Ezezaguna
Hizkuntza:ingelesa
Argitaratua: Madrid, España Akal 1998
Saila:Interdisciplinar
Gaiak:
Etiketak: Etiketa erantsi
Etiketarik gabe, Izan zaitez lehena erregistro honi etiketa jartzen!

MARC

LEADER 00000 a2200000 4500
003 CL-VaPUC
005 20210604001744.0
008 200317b ||||| |||| 00| 0 eng d
999 |c 422710  |d 422708 
020 |a 9788446008163 
040 |c Pontificia Universidad Católica de Valparaíso 
082 0 4 |a 901 LOW 1998 
100 1 |a Lowenthal, David  |9 737552 
245 1 0 |a El Pasado es un País Extraño 
260 |b Akal  |c 1998  |a Madrid, España 
300 |a 676 páginas 
490 0 |a Interdisciplinar 
583 |k Hugo Gaete  |c 20200317 
650 0 0 |a PASADO  |9 737768 
650 0 0 |a Teoría de la historia  |9 317951 
650 0 0 |a Filosofía de la historia  |9 265651 
650 0 0 |a Crítica e interpretación   |9 255042 
650 0 0 |a Historia  |9 255047 
650 0 0 |a Memoria  |9 266549 
942 |2 ddc  |c BK 
952 |0 0  |1 0  |2 ddc  |4 0  |6 901_000000000000000_LOW_1998  |7 0  |8 A  |9 561533  |a BIBING  |b BIBING  |c GEN  |d 2020-03-12  |e 2  |g 40700.00  |i 5574099  |l 2  |m 1  |o 901 LOW 1998   |p 5574099  |r 2025-01-20  |s 2023-09-27  |t 1  |v 40700.00  |w 2020-03-12  |y BK  |k GEO